LIBRARY & INFORMATION CENTRE, KCAET, TAVANUR

ONLINE PUBLIC ACCESS CATALOGUE (OPAC)

Nanotechnology: a gentle introduction to the next big idea (Record no. 13592)

MARC details
000 -LEADER
fixed length control field 00347cam a2200133ua 4500
020 ## - INTERNATIONAL STANDARD BOOK NUMBER
ISBN 9788177587432
082 ## - DEWEY DECIMAL CLASSIFICATION NUMBER
Classification number 620.43
Item number RAT/NA
100 ## - MAIN ENTRY--AUTHOR NAME
Personal name Ratner, Mark
245 ## - TITLE STATEMENT
Title Nanotechnology: a gentle introduction to the next big idea
260 ## - PUBLICATION, DISTRIBUTION, ETC. (IMPRINT)
Place of publication New Delhi
Name of publisher Pearson Education Asia
Year of publication 2009
300 ## - PHYSICAL DESCRIPTION
Number of Pages 188.
700 ## - ADDED ENTRY--PERSONAL NAME
Personal name Ratner, Daniel
942 ## - ADDED ENTRY ELEMENTS (KOHA)
Koha item type Books
Holdings
Withdrawn status Lost status Damaged status Collection code Home library Current library Shelving location Date acquired Source of acquisition Cost, normal purchase price Full call number Accession Number Koha item type
      Non-fiction KAUAET KAUAET General Stacks 31/03/2012 Penta Book Distributors, Calicut 395.00 620.43 RAT/NA 22714 Books
        KAUAET KAUAET Scheme 26/08/2016 Cosmo Books, Calicut. 435.00 620.43 RAT/NA BB 256 Book Bank scheme for SC students
        KAUAET KAUAET   20/08/2019   350.00 620.43 RAT/NA 22274 Books
        KAUAET KAUAET   20/08/2019   350.00 620.43 RAT/NA 22275 Books
        KAUAET KAUAET   20/08/2019   350.00 620.43 RAT/NA 22276 Books
        KAUAET KAUAET   20/08/2019   350.00 620.43 RAT/NA 22277 Books
free website counter